Music Quiz

Random Music or Album Quiz

Albums That Sold 1 Million in 1 Week Quiz Stats

 Plays Quiz Updated Aug 8, 2017

Challenge
Share
Tweet
Embed
Score 0/21 Timer 08:00
3 Plays Today
Artist Album % Correct
Adele25
85.7%
The Beatles1
70.7%
Taylor Swift1989
57.9%
Taylor SwiftRed
56.5%
'N SyncNo Strings Attached
38%
EminemThe Marshall Mathers LP
36.8%
Whitney Houston (and various artists)The Bodyguard Soundtrack
35.2%
Taylor SwiftReputation
31.9%
Britney SpearsOops... I Did It Again
29.2%
EminemThe Eminem Show
27.2%
Lady GagaBorn This Way
27%
Artist Album % Correct
Lil WayneTha Carter III
22.9%
Taylor SwiftSpeak Now
22.6%
UsherConfessions
20.8%
Backstreet BoysMillennium
19.3%
Limp BizkitChocolate Starfish and the Hot Dog Flavored Water
15.6%
Backstreet BoysBlack and Blue
15.5%
'N SyncCelebrity
14.1%
50 CentThe Massacre
10.3%
Garth BrooksDouble Live
5.3%
Norah JonesFeels Like Home
5%

You're not logged in!

Compare scores with friends on all Sporcle quizzes.
Join for Free
OR
Log In

You Might Also Like...

Show Comments

Extras

Top Quizzes Today


Score Distribution

Your Account Isn't Verified!

In order to create a playlist on Sporcle, you need to verify the email address you used during registration. Go to your Sporcle Settings to finish the process.

Report this User

Report this user for behavior that violates our Community Guidelines.

Details: